Zapamätateľnosť hesiel

Guardado en:
Detalles Bibliográficos
Autor principal: Abel, Peter (Autor)
Otros Autores: Zajac, Pavol (Orientador)
Formato: Manuscrito Libro
Lenguaje:eslovaco
Publicado: Bratislava : STU v Bratislave FEI, 2023
Materias:
Acceso en línea:https://opac.crzp.sk/?fn=detailBiblioFormChildKIRC&sid=A5BC586C45F5195268E42CAF963A&seo=CRZP-detail-kniha
Etiquetas: Agregar Etiqueta
Sin Etiquetas, Sea el primero en etiquetar este registro!

MARC

LEADER 00000ntm a22000003a 4500
001 stuzp91923
003 SK-STU
005 20241209125100.0
007 ta
008 150427s2015----xo-----f-mn---000-0-slo-d
040 |a STU  |b slo 
041 0 |a slo 
044 |a xo 
100 1 |a Abel, Peter  |u 035000  |4 aut  |U FEI Fakulta elektrotechniky a informatiky  |T FEI Ústav informatiky a matematiky  |X 97723  |U E050  |Y 816  |7 97723 
242 0 1 |a Password memorability  |y eng 
245 1 0 |a Zapamätateľnosť hesiel 
260 |a Bratislava :  |b STU v Bratislave FEI,  |c 2023 
300 |a 50 s. 
650 4 |a autentifikácia  |2 slo 
650 4 |a heslo  |2 slo 
650 4 |a výskum  |2 slo 
650 4 |a zapamätateľnosť  |2 slo 
650 4 |a memorability  |2 eng 
650 4 |a authentication  |2 eng 
650 4 |a password  |2 eng 
650 4 |a research  |2 eng 
700 1 |a Zajac, Pavol  |u 035000  |k Z1  |4 ths  |U FEI Fakulta elektrotechniky a informatiky  |T FEI Ústav informatiky a matematiky  |X 10218  |U E050  |Y 816  |7 A000010218 
856 4 |u https://opac.crzp.sk/?fn=detailBiblioFormChildKIRC&sid=A5BC586C45F5195268E42CAF963A&seo=CRZP-detail-kniha